| 000 | 00812cab a2200265 4500 | ||
|---|---|---|---|
| 001 | WB2945-49 | ||
| 008 | 090401t1993 xxu||||| |||| 00| 0 eng d | ||
| 035 | _a(Sirsi) u37202 | ||
| 041 | _aeng | ||
| 245 | _aPublic expenditure plans for agriculture | ||
| 260 | _c1993 | ||
| 350 | _a0 | ||
| 490 |
_aMAFF News Release _v(419/93) 30 November 1993, (7) |
||
| 520 | _aDetails public expenditure plans for agriculture for 1994/95, 1995/96 and 1996/97 including CAP, Capital Grants, Hill Livestock Compensatory Allowances and capital works. | ||
| 650 | _aCAP REFORM | ||
| 650 | _aGRANTS | ||
| 650 | _aHILL LIVESTOCK | ||
| 650 | _aMAFF | ||
| 650 | _aNOVEMBER 1993 BUDGET | ||
| 650 | _aPUBLIC EXPENDITURE | ||
| 650 | _aPUBLIC SPENDING | ||
| 690 | _aRURAL PRACTICE | ||
| 942 | _n0 | ||
| 948 | _c04/03/1997 | ||
| 999 |
_c24067 _d24067 |
||